Statistics for 'B' UK National Rail Stations

Click here to take the quiz!

General Stats

  • This quiz has been taken 235 times
  • The average score is 45 of 283

Answer Stats

Station% Correct
Bristol Temple Meads
75%
Birmingham New Street
73%
Brighton
65%
Bournemouth
58%
Bristol Parkway
58%
Bolton
56%
Blackburn
55%
Bangor (Gwynedd)
51%
Birmingham Moor Street
51%
Birmingham Snow Hill
49%
Basingstoke
47%
Barnsley
45%
Basildon
45%
Blackpool North
45%
Bath Spa
44%
Bedford
44%
Bradford Forster Square
44%
Bradford Interchange
44%
Birmingham International
42%
Bury St Edmunds
42%
Barking
40%
Blackpool South
40%
Bridlington
38%
Berwick (Sussex)
36%
Brentford
36%
Banbury
35%
Brockenhurst
35%
Boston
33%
Bromsgrove
33%
Buxton
33%
Barnstaple
31%
Brentwood
31%
Burton-On-Trent
31%
Barrow-In-Furness
29%
Billericay
29%
Bognor Regis
29%
Braintree
29%
Bridgend
29%
Brough
29%
Battle
27%
Bootle (Cumbria)
27%
Burnham (Buckinghamshire)
27%
Burnley Central
27%
Balham
25%
Barry
25%
Beauly
25%
Bingley
25%
Birkenhead Central
25%
Barmouth
24%
Blackpool Pleasure Beach
24%
Brixton
24%
Bletchley
22%
Bodmin Parkway
22%
Brighouse
22%
Bromley North
22%
Bromley South
22%
Bagshot
20%
Baildon
20%
Baldock
20%
Barnetby
20%
Beaconsfield
20%
Bedminster
20%
Beverley
20%
Bexley
20%
Biggleswade
20%
Birkenhead North
20%
Bishops Stortford
20%
Bournville
20%
Bracknell
20%
Bradford-On-Avon
20%
Bridgwater
20%
Broadstairs
20%
Balloch
18%
Barnes
18%
Bathgate
18%
Beeston
18%
Berwick-Upon-Tweed
18%
Bicester Village
18%
Blackheath
18%
Bramley (Hampshire)
18%
Bramley (West Yorkshire)
18%
Burnley Barracks
18%
Burnley Manchester Road
18%
Banstead
16%
Beaulieu Road
16%
Beckenham Junction
16%
Bedhampton
16%
Belper
16%
Bentley (Hampshire)
16%
Bentley (South Yorkshire)
16%
Berkhamsted
16%
Bexhill
16%
Billingham
16%
Birkenhead Park
16%
Bishop Auckland
16%
Botley
16%
Bottesford
16%
Branksome
16%
Brigg
16%
Bache
15%
Baglan
15%
Balcombe
15%
Barnham
15%
Barry Docks
15%
Barry Island
15%
Barton-On-Humber
15%
Bedford St Johns
15%
Bedworth
15%
Bicester North
15%
Bingham
15%
Birkenhead Hamilton Square
15%
Bowes Park
15%
Brampton (Cumbria)
15%
Brampton (Suffolk)
15%
Bridge Of Orchy
15%
Bridgeton
15%
Burnham-On-Crouch
15%
Byfleet And New Haw
15%
Baillieston
13%
Bamber Bridge
13%
Bare Lane
13%
Barnes Bridge
13%
Bat And Ball
13%
Batley
13%
Battersea Park
13%
Bearsden
13%
Beckenham Hill
13%
Bedwyn
13%
Belle Vue
13%
Bellingham
13%
Bexleyheath
13%
Blackhorse Road
13%
Blackwater
13%
Bordesley
13%
Bosham
13%
Brading
13%
Braintree Freeport
13%
Bridge Of Allan
13%
Broome
13%
Bushey
13%
Bamford
11%
Bank Hall
11%
Barming
11%
Barnt Green
11%
Barrhead
11%
Barrhill
11%
Battlesbridge
11%
Bebington
11%
Beccles
11%
Benfleet
11%
Bescot Stadium
11%
Billingshurst
11%
Birchington-On-Sea
11%
Birkbeck
11%
Bishopbriggs
11%
Blair Atholl
11%
Bloxwich
11%
Bookham
11%
Bootle New Strand
11%
Bootle Oriel Road
11%
Bowling
11%
Brockley
11%
Bromborough
11%
Brondesbury
11%
Brondesbury Park
11%
Burntisland
11%
Bynea
11%
Banavie
9%
Bardon Mill
9%
Barlaston
9%
Barrow-Upon-Soar
9%
Bayford
9%
Bearley
9%
Bellshill
9%
Belmont
9%
Berkswell
9%
Berney Arms
9%
Betws-Y-Coed
9%
Bickley
9%
Bidston
9%
Birchwood
9%
Bitterne
9%
Blantyre
9%
Bloxwich North
9%
Bourne End
9%
Bramhall
9%
Brandon
9%
Brimsdown
9%
Bromborough Rake
9%
Bromley Cross (Lancs)
9%
Brora
9%
Broughty Ferry
9%
Broxbourne
9%
Brunswick
9%
Bures
9%
Bursledon
9%
Bush Hill Park
9%
Buxted
9%
Bargoed
7%
Barnehurst
7%
Barnhill
7%
Barrow Haven
7%
Barry Links
7%
Bearsted
7%
Bentham
7%
Berrylands
7%
Betchworth
7%
Birkdale
7%
Bishopstone (Sussex)
7%
Bishopton (Renfrewshire)
7%
Blackrod
7%
Blaenau Ffestiniog
7%
Blaydon
7%
Blundellsands And Crosby
7%
Blythe Bridge
7%
Bolton-Upon-Dearne
7%
Borough Green And Wrotham
7%
Borth
7%
Box Hill And Westhumble
7%
Braystones
7%
Bredbury
7%
Bricket Wood
7%
Brinnington
7%
Brookwood
7%
Brundall
7%
Brundall Gardens
7%
Burgess Hill
7%
Burnside (South Lanarkshire)
7%
Burton Joyce
7%
Balmossie
5%
Barassie
5%
Beasdale
5%
Bekesbourne
5%
Beltring
5%
Belvedere
5%
Ben Rhydding
5%
Bere Alston
5%
Bere Ferrers
5%
Bermuda Park
5%
Bescar Lane
5%
Bethnal Green
5%
Bilbrook
5%
Birchgrove
5%
Blakedown
5%
Blake Street
5%
Bleasby
5%
Bogston
5%
Bow Brickhill
5%
Breich
5%
Brithdir
5%
Briton Ferry
5%
Broomfleet
5%
Bruton
5%
Buckenham
5%
Buckley
5%
Builth Road
5%
Bulwell
5%
Burley-In-Wharfedale
5%
Burley Park
5%
Burnage
5%
Burscough Bridge
5%
Burscough Junction
5%
Bargeddie
4%
Battersby
4%
Bellgrove
4%
Bempton
4%
Berry Brow
4%
Blairhill
4%
Bodorgan
4%
Brierfield
4%
Broadbottom
4%
Brookmans Park
4%
Bruce Grove
4%
Bugle
4%
Burneside (Cumbria)
4%
Busby
4%
Butlers Lane
4%
Branchton
2%
Broad Green
2%
Brockholes
2%
Brunstane
2%
Bryn
2%
Bucknell
2%

Score Distribution

Percentile by Number Answered

Percent of People with Each Score

Your Score History

You have not taken this quiz